| 000 | 00345nam a22001217a 4500 | ||
|---|---|---|---|
| 082 | _a220 PRO | ||
| 100 |
_aBILAL, SAAD, HASSAAN, USMAN _971542 |
||
| 245 | _aPR-SOF-1323-GESTURE CONTROLLED APPLICATION USING KINECT | ||
| 260 |
_aISLAMABAD _bNUST COLLEGE OF EME _c2013 |
||
| 650 | _a DE-COMP-31 | ||
| 700 |
_aSAJID GUL KHAWAJA _969989 |
||
| 942 | _cCR | ||
| 999 |
_c578002 _d578002 |
||